Top 10 U.S. States with Worst Drug Problem - Statistics

General Stats
  • This quiz has been taken 83 times
  • The average score is 7 of 10
Answer Stats
Total Score State % Correct
49.35 Arizona
88%
49.18 Michigan
82%
51.82 Oregon
80%
54.58 Colorado
77%
52.75 Rhode Island
77%
54.97 Vermont
74%
54.10 Delaware
72%
49.31 Massachusetts
72%
49.49 Connecticut
70%
64.06 District of Columbia
22%
No matching quizzes found
Score Distribution
Percent of People with Each Score
Percentile by Number Answered
Your Score History
You have not taken this quiz